The bed-load function for sediment transportation in open channel flows / (Record no. 11328)

MARC details
000 -LEADER
fixed length control field 01096cam a22003131a 4500
001 - CONTROL NUMBER
control field agr51000245
003 - CONTROL NUMBER IDENTIFIER
control field DLC
005 - DATE AND TIME OF LATEST TRANSACTION
control field 20260227111015.0
008 - FIXED-LENGTH DATA ELEMENTS--GENERAL INFORMATION
fixed length control field 770711s1950 dcua b f000 0 eng c
010 ## - LIBRARY OF CONGRESS CONTROL NUMBER
LC control number agr51000245
035 ## - SYSTEM CONTROL NUMBER
System control number (OCoLC)3106881
040 ## - CATALOGING SOURCE
Original cataloging agency U.S. Dept. of Agr. Libr.
Transcribing agency NbU
Modifying agency DNAL
-- DLC
042 ## - AUTHENTICATION CODE
Authentication code premarc
050 00 - LIBRARY OF CONGRESS CALL NUMBER
Classification number S21
Item number .A72 no. 1026
070 0# - NATIONAL AGRICULTURAL LIBRARY CALL NUMBER
Classification number 1
Item number Ag84Te no.1026
072 0# - SUBJECT CATEGORY CODE
Subject category code P200
082 ## - DEWEY DECIMAL CLASSIFICATION NUMBER
Classification number 532.5
100 1# - MAIN ENTRY--PERSONAL NAME
Personal name Einstein, H. A.
Fuller form of name (Hans Albert),
Dates associated with a name 1904-
245 14 - TITLE STATEMENT
Title The bed-load function for sediment transportation in open channel flows /
Statement of responsibility, etc. by Hans Albert Einstein.
260 ## - PUBLICATION, DISTRIBUTION, ETC.
Place of publication, distribution, etc. Washington :
Name of publisher, distributor, etc. U.S. Dept. of Agriculture,
Date of publication, distribution, etc. 1950.
300 ## - PHYSICAL DESCRIPTION
Extent 71 p. :
Other physical details ill. ;
Dimensions 23 cm.
490 1# - SERIES STATEMENT
Series statement Technical bulletin / United States Department of Agriculture ;
Volume/sequential designation no. 1026
500 ## - GENERAL NOTE
General note Cover title.
500 ## - GENERAL NOTE
General note Contribution from Soil Conservation Service.
504 ## - BIBLIOGRAPHY, ETC. NOTE
Bibliography, etc. note Literature cited: p. 68.
500 ## - GENERAL NOTE
General note Errata included.
650 #0 - SUBJECT ADDED ENTRY--TOPICAL TERM
Topical term or geographic name entry element Sedimentation and deposition.
830 #0 - SERIES ADDED ENTRY--UNIFORM TITLE
Uniform title Technical bulletin (United States. Department of Agriculture) ;
Volume/sequential designation no. 1026.

No items available.

Powered by Koha